| Tag |
First Indicator |
Second Indicator |
Subfields |
| LEADER |
00000cam a2200000 a 4500 |
| 001 |
in00000892821 |
| 005 |
20150923141356.0 |
| 007 |
hd afv---baca |
| 007 |
hz bfv---baaa |
| 008 |
840412s1668 miu a 00010 eng d |
| 035 |
|
|
|a (OCoLC)10624103
|
| 035 |
|
|
|9 AEL5019AM
|
| 037 |
|
|
|a CL0037000048
|b University Microfilms International
|
| 037 |
|
|
|b University Microfilms International, 300 N. Zeeb Rd., Ann Arbor, MI 48106
|
| 040 |
|
|
|a UMI
|c UMI
|d m/c
|d UtOrBLW
|
| 049 |
|
|
|a TXAI
|
| 090 |
|
|
|a BS510
|b .B69 1668
|
| 099 |
|
|
|a film
|a B
|a 3609
|
| 100 |
1 |
|
|a Boyle, Robert,
|d 1627-1691.
|
| 245 |
1 |
0 |
|a Some considerations touching the style of the H. Scriptures :
|b extracted from several parts of a discourse concerning divers particulars belonging to the Bible /
|c written divers years since to a friend by the honourable Robert Boyle, Esq.
|
| 250 |
|
|
|a The third edition.
|
| 264 |
|
3 |
|a London :
|b Printed for Henry Herringman,
|c 1668.
|
| 300 |
|
|
|a 39 unnumbered pages, 254 pages
|
| 336 |
|
|
|a text
|b txt
|2 rdacontent
|
| 337 |
|
|
|a microform
|b h
|2 rdamedia
|
| 338 |
|
|
|a microfilm reel
|b hd
|2 rdacarrier
|
| 500 |
|
|
|a Reproduction of original in the Harvard University Library.
|
| 510 |
4 |
|
|a Wing
|c B4027.
|
| 533 |
|
|
|a Microfilm.
|b Ann Arbor, Mich. :
|c University Microfilms International,
|d 1983.
|e 1 microfilm reel ; 35 mm.
|f (Early English books, 1641-1700 ; 1399:2)
|
| 500 |
|
|
|a Microform.
|
| 630 |
0 |
0 |
|a Bible
|x Criticism, interpretation, etc.
|
| 830 |
|
0 |
|a Early English books, 1641-1700 ;
|v 1399:2.
|
| 999 |
|
|
|a MARS
|
| 999 |
f |
f |
|s e54f4734-7f3b-3079-872e-2f285839a12c
|i e595d615-b307-3cd5-8e8e-f46b619152e1
|t 0
|
| 952 |
f |
f |
|p default
|a Texas A&M University
|b College Station
|c Sterling C. Evans Library
|d Evans: Microforms (3rd floor)
|t 0
|e film B 3609 1399:2
|h Other scheme
|i microform -- microfilm reel
|
| 998 |
f |
f |
|a film B 3609 1399:2
|t 0
|l Evans: Microforms (3rd floor)
|